Property Week supplement (Record no. 80489)
[ view plain ]
| 000 -LEADER | |
|---|---|
| fixed length control field | 01315cab a22002295a 4500 |
| 001 - CONTROL NUMBER | |
| control field | L144491 |
| 008 - FIXED-LENGTH DATA ELEMENTS--GENERAL INFORMATION | |
| fixed length control field | 080723s20080606xxkabdof s 000 0 eng d |
| 035 ## - SYSTEM CONTROL NUMBER | |
| System control number | (Sirsi) u144491 |
| 041 0# - LANGUAGE CODE | |
| Language code of text/sound track or separate title | eng |
| 050 ## - LIBRARY OF CONGRESS CALL NUMBER | |
| Classification number | 333.33 HEA $2 22 |
| 100 1# - MAIN ENTRY--PERSONAL NAME | |
| Personal name | Heap, Richard |
| 245 00 - TITLE STATEMENT | |
| Title | Property Week supplement |
| Remainder of title | Thames Valley |
| 260 ## - PUBLICATION, DISTRIBUTION, ETC. | |
| Date of publication, distribution, etc. | 2008 |
| 490 ## - SERIES STATEMENT | |
| Series statement | Property Week Supplement |
| Volume/sequential designation | 6 June 2008 |
| 520 ## - SUMMARY, ETC. | |
| Summary, etc. | Considers the delayed development of a new shopping centre. Reports on the need for the area around Maidenhead's King and Queen Streets to improve. Presents investigation as to whether the Rail Project Crossrail wil really start in 2010. Gives thoughts of possible advantages and disadvantages of this new service. Reports on the handful of office investment in the Thames Valley since the credit crunch. Discusses whether the many new prelets in the area announce a revitalised market or not. Reports on the lack of money for the regeneration of two schemes dating from the 1960s. Presents the struggle of builders of new shed schemes in Thatcham and Newbury to find tenants as the economic crisis hits the occupier demand. |
| 590 ## - LOCAL NOTE (RLIN) | |
| Local note | KA |
| 651 #4 - SUBJECT ADDED ENTRY--GEOGRAPHIC NAME | |
| Geographic name | Thames Valley |
| 690 ## - LOCAL SUBJECT ADDED ENTRY--TOPICAL TERM (OCLC, RLIN) | |
| Topical term or geographic name as entry element | PROPERTY-COMMERCIAL PROPERTY-COMMERCIAL PROPERTY MARKET |
| 700 1# - ADDED ENTRY--PERSONAL NAME | |
| Personal name | Shah, Aditi |
| 700 1# - ADDED ENTRY--PERSONAL NAME | |
| Personal name | Heap, Richard |
| 942 ## - ADDED ENTRY ELEMENTS (KOHA) | |
| Suppress in OPAC | 0 |
| Withdrawn status | Lost status | Source of classification or shelving scheme | Damaged status | Not for loan | Home library | Current library | Shelving location | Date acquired | Total Checkouts | Full call number | Barcode | Date last seen | Copy number | Price effective from | Koha item type |
|---|---|---|---|---|---|---|---|---|---|---|---|---|---|---|---|
| Dewey Decimal Classification | London | London | Journal article | 23/07/2008 | L144491 | 144491-1001 | 06/08/2019 | 1 | 06/08/2019 | Journal article |